Statistiques concernant Les 50 plus grandes villes d'Auvergne

Cliquez ici pour prendre le quiz!

Statistiques générales

  • Ce quiz a été pris 161 fois
  • Le résultat moyen est 19 sur 50

Statistiques - réponses

Numéro de départementNombre d'HabitantsVille% Correct
63147865Clermont-Ferrand
100%
0324980Vichy
92%
0319246Moulins
89%
4319215Le Puy-en-Velay
87%
1525593Aurillac
86%
0334361Montluçon
85%
6319004Riom
83%
6315296Issoire
77%
6311784Thiers
65%
6317276Chamalières
62%
6320322Cournon-d'Auvergne
60%
156458Saint-Flour
53%
636655Ambert
52%
436609Brioude
51%
6310904Aubière
49%
437278Yssingeaux
46%
6310289Gerzat
42%
0312838Yzeure
42%
035830Gannat
39%
638805Cébazat
38%
6310664Beaumont
35%
0312474Cusset
35%
634359Royat
35%
638677Lempdes
34%
6312182Pont-du-Château
34%
634623Volvic
33%
636239Châtel-Guyon
32%
634095Aulnat
30%
038729Domérat
26%
637791Romagnat
26%
035221Saint-Pourçain-sur-Sioule
25%
635510Le Cendre
23%
636256Lezoux
22%
635189Vic-le-Comte
22%
636364Ceyrat
21%
036132Commentry
21%
038741Bellerive-sur-Allier
20%
634777Billom
19%
156279Arpajon-sur-Cère
18%
633984Les Martres-de-Veyre
17%
438875Monistrol-sur-Loire
17%
634017Courpière
16%
154335Ytrac
14%
434185Brives-Charensac
11%
033953Avermes
9%
436142Aurec-sur-Loire
8%
434377Bas-en-Basset
8%
034459Désertines
8%
435989Sainte-Sigolène
8%
434225Saint-Just-Malmont
2%

Distribution des résultats

Percentile par nombre de réponses

% des personnes avec chaque résultat

Votre développement - résultats

Vous n’avez pas pris ce quiz